Chambers essential learners' dictionary : for elementary learners of English (Record no. 78142)

MARC details
000 -LEADER
fixed length control field 00820nam a2200205 a 4500
008 - FIXED-LENGTH DATA ELEMENTS--GENERAL INFORMATION
fixed length control field 180925c20099999||||||||||||||||| || u
010 ## - LIBRARY OF CONGRESS CONTROL NUMBER
LC control number 2009510136
020 ## - INTERNATIONAL STANDARD BOOK NUMBER
International Standard Book Number 9780550104786
020 ## - INTERNATIONAL STANDARD BOOK NUMBER
International Standard Book Number 055010478X (pbk.)
050 ## - LIBRARY OF CONGRESS CALL NUMBER
Classification number PE 1628 Cha
110 ## - MAIN ENTRY--CORPORATE NAME
Corporate name or jurisdiction name as entry element Harrap (Firm)
245 10 - TITLE STATEMENT
Title Chambers essential learners' dictionary : for elementary learners of English
Medium [cd-rom]
246 ## -
-- Essential learners' dictionary
260 ## - PUBLICATION, DISTRIBUTION, ETC.
Place of publication, distribution, etc. Edinburgh
Name of publisher, distributor, etc. Chambers Harrap
Date of publication, distribution, etc. 2009
300 ## - PHYSICAL DESCRIPTION
Extent 4 3/4 in.
650 #0 - SUBJECT ADDED ENTRY--TOPICAL TERM
Topical term or geographic name entry element ENGLISH LANGUAGE--DICTIONARIES
995 ## -
-- e-RESOURCES
-- 20150236
-- CBU-MAIN LIBRARY (Kitwe)
-- PE 1628 Cha
-- 2
-- AVAILABLE
-- Sep 25, 2018
-- 20150236
-- e-Media Collection
995 ## -
-- e-RESOURCES
-- 20150235
-- CBU-MAIN LIBRARY (Kitwe)
-- PE 1628 Cha
-- 1
-- AVAILABLE
-- Sep 25, 2018
-- 20150235
-- e-Media Collection
999 ## -
-- 78142
-- 78142
Holdings
Withdrawn status Lost status Source of classification or shelving scheme Damaged status Not for loan Permanent Location Current Location Shelving location Date acquired Total Checkouts Full call number Barcode Date last seen Copy number Price effective from Koha item type
          CBU-MAIN LIBRARY, KITWE. CBU-MAIN LIBRARY, KITWE.   05/03/2023   PE 1628 Cha 20150236 05/03/2023 1 05/03/2023 DVD/CD-ROM
          CBU-MAIN LIBRARY, KITWE. CBU-MAIN LIBRARY, KITWE.   05/03/2023   PE 1628 Cha 20150235 05/03/2023 2 05/03/2023 DVD/CD-ROM